000 00793nam a2200217 a 4500
003 0
005 20250225113651.0
008 101013s19uu xx 00 eng d
050 _aPHS BF 697
_b.So6 2010
100 _aSoriano, Melizza J.
245 _aPhysical appearance, socio-economic status, achievement and self esteem /
_cMelizza J. Soriano.
260 _aLas PiƱas City, Philippines :
_bSouthville International School and Colleges,
_c2010.
300 _a56 pages :
_billustrations ;
_c30 cm.
504 _aIncludes bibliographical references.
650 _aSelf-esteem in adolescence.
650 _aBody image
_xPsychological aspects.
650 _aSocial status.
650 _aSocioeconomic status
_xPsychological aspects.
650 _aAcademic achievement.
942 _2lcc
_cPASS
999 _c98412
_d98412